000 00293nam a22001337a 4500
008 170130b xxu||||| |||| 00| 0 eng d
020 _a9781416030843
041 _aeng
080 _a618.2
100 _a2
101 _aINF
245 _aNURSING CARE OF CHILDREN
_cJAMES, S.R
942 _2udc
_cBK
999 _c3975
_d3975